| 000 | 00781nam a22002177i 4500 | ||
|---|---|---|---|
| 999 |
_c22954 _d22954 |
||
| 003 | AR-CdUCM | ||
| 008 | 240802b20212021 pe||||| |||| 00| 0 spa d | ||
| 040 |
_aMUNICIPALIDAD PROVINCIAL DEL CUSCO _cBIBLIOTECA MUNICIPAL DEL CUSCO |
||
| 082 |
_aPI / 376.36 / S97S _bS97S |
||
| 100 |
_aFundación Suyana. _950112 |
||
| 245 |
_aColorín Colorado "Sana Sana" : María y Juanito / _bComo ser un niño yachaq y como ayudar a mi comunidad |
||
| 260 |
_aCusco : _c2021. |
||
| 300 |
_a16 páginas. : _c30 cm. _eIlustrado. |
||
| 505 | _aCepillarse los diente -- Lavar las manos -- Dormir bien | ||
| 650 |
_aDormir bien _950213 |
||
| 650 |
_aArco nutricional _950214 |
||
| 700 |
_aMaría Nicole Prieto _950215 |
||
| 856 | _fwww.suyana.org | ||
| 942 |
_2ddc _cLIBROS |
||
| 945 |
_apbj _d2024-08-02 |
||